000 00302nam a2200109Ia 4500
008 220216s9999 xx 000 0 und d
100 _aMathew G
245 0 _aRubber thaikalil krithrimamayi sakhakal valarthuvan sradhikkenda karyangal
260 _bRubber Mithram
_c2008
300 _a35-38
942 _cJS
999 _c68045
_d68045